| 000 | 00443nam a2200157 4500 | ||
|---|---|---|---|
| 999 |
_c537 _d537 |
||
| 020 | _a9788125902409 | ||
| 050 | _aQK641 | ||
| 100 |
_aPandey, S N _aChadha, Ajanta |
||
| 245 |
_aPlant anatomy and embryology _cS N Pandey; Ajanta Chadha |
||
| 250 | _a2ND | ||
| 260 |
_aNew Delhi : _bVikas, _c2001 |
||
| 300 |
_a468 pages : _b illustrations ; _c25 cm |
||
| 500 | _aINCLUDES INDEX | ||
| 650 |
_aPlant anatomy. _xPlant embryology. |
||
| 942 | _cBK | ||